| 000 | 00971nam2a2200241 4500 | ||
|---|---|---|---|
| 001 | rc\2865746 | ||
| 005 | 20260315051107.0 | ||
| 035 | _a(NLR Aleph) 007019547 | ||
| 090 |
_a13580086 _c13580086 |
||
| 100 | _a20260315 rusy50 | ||
| 101 | 0 | _arus | |
| 102 | _aRU | ||
| 105 | _ay z ||||| | ||
| 200 | 0 | _aУрок 12 | |
| 210 | _dБ. г. | ||
| 215 | _a31 с. | ||
| 461 | 0 |
_1001rc\2865744 _12000#$aФизкультура$eУрок 6, 12$vУрок 12 _95894845 _aЦентральный институт повышения квалификации кадров народного образования (Москва). Заочные курсы _c[Москва] _dБ. г. _nИн-т повышения квалификации кадров нар. образ. _oУрок 6, 12 _tФизкультура _vУрок 12 |
|
| 700 | 1 |
_aКрадман _bД.А. |
|
| 801 | 0 |
_aRU _bNLR _gpsbo |
|
| 801 | 1 |
_aRU _bELAR _2rusmarc |
|
| 852 |
_aNLR _j31-18/80 |
||
| 942 | _cUNSPEC | ||
| 980 | _aNB | ||